<?xml version="1.0" encoding="UTF-8"?>
<record
    xmlns:xsi="http://www.w3.org/2001/XMLSchema-instance"
    xsi:schemaLocation="http://www.loc.gov/MARC21/slim http://www.loc.gov/standards/marcxml/schema/MARC21slim.xsd"
    xmlns="http://www.loc.gov/MARC21/slim">

  <leader>02312njm a2200409Ia 4500</leader>
  <controlfield tag="001">72481</controlfield>
  <controlfield tag="003">IT-RoPAU</controlfield>
  <controlfield tag="005">20220918181118.0</controlfield>
  <controlfield tag="008">131025s9999    xx            000 0 und d</controlfield>
  <datafield tag="040" ind1=" " ind2=" ">
    <subfield code="a">IT-RoPAU</subfield>
  </datafield>
  <datafield tag="040" ind1=" " ind2=" ">
    <subfield code="c">IT-RoPAU</subfield>
  </datafield>
  <datafield tag="041" ind1=" " ind2=" ">
    <subfield code="a">POLACCO</subfield>
  </datafield>
  <datafield tag="999" ind1=" " ind2=" ">
    <subfield code="c">99565</subfield>
    <subfield code="d">99565</subfield>
  </datafield>
  <datafield tag="999" ind1=" " ind2=" ">
    <subfield code="b">n.d.</subfield>
  </datafield>
  <datafield tag="100" ind1=" " ind2=" ">
    <subfield code="a">AA.VV.</subfield>
    <subfield code="9">794</subfield>
  </datafield>
  <datafield tag="100" ind1=" " ind2=" ">
    <subfield code="e">Autore musica</subfield>
    <subfield code="9">24528</subfield>
  </datafield>
  <datafield tag="100" ind1=" " ind2=" ">
    <subfield code="g">Codice autore musica SPICS: 12000</subfield>
    <subfield code="9">796</subfield>
  </datafield>
  <datafield tag="245" ind1=" " ind2=" ">
    <subfield code="a">Country Album (Lp Pronit Plp 0073)</subfield>
  </datafield>
  <datafield tag="250" ind1=" " ind2=" ">
    <subfield code="a">1a ed.</subfield>
  </datafield>
  <datafield tag="260" ind1=" " ind2=" ">
    <subfield code="a">POLONIA</subfield>
  </datafield>
  <datafield tag="260" ind1=" " ind2=" ">
    <subfield code="b">PRONIT</subfield>
    <subfield code="c">1988 [1a Ed.:1988 - Ed. Lingua Orig.: 1988]</subfield>
  </datafield>
  <datafield tag="300" ind1=" " ind2=" ">
    <subfield code="a">DISCO</subfield>
  </datafield>
  <datafield tag="300" ind1=" " ind2=" ">
    <subfield code="c">40 minuti (Testo: 0 pag.)</subfield>
  </datafield>
  <datafield tag="500" ind1=" " ind2=" ">
    <subfield code="a">Musica folk country</subfield>
  </datafield>
  <datafield tag="505" ind1=" " ind2=" ">
    <subfield code="a">Pokochaj Moje Marzenia (5:00) - Zwariowany Czas (4:00) - Nie Mozna Zyc Samotnie (4:00) - Zyc Aby Zyc (5:00) - Nie Przesadza Sie Starych Drzew (4:00) - A Jednak Mi Ciebe Brakuje (5:00) - Niepotrzebny Mi Zal (4:00) - Niedziela W Miescie (3:00) - Lot Nr 205 (5:00)</subfield>
  </datafield>
  <datafield tag="650" ind1=" " ind2=" ">
    <subfield code="a">MUSICA POLACCA [DISCHI]</subfield>
    <subfield code="e">Codice MATERIA SPICS: 9950</subfield>
    <subfield code="9">24529</subfield>
  </datafield>
  <datafield tag="700" ind1=" " ind2=" ">
    <subfield code="a">Krawczyk Krzysztof</subfield>
    <subfield code="g">Codice interprete SPICS: 25171</subfield>
    <subfield code="e">Interprete</subfield>
    <subfield code="9">24530</subfield>
  </datafield>
  <datafield tag="700" ind1=" " ind2=" ">
    <subfield code="a">Kniat R.</subfield>
    <subfield code="g">Codice autore musica SPICS: 25085</subfield>
    <subfield code="e">Autore musica</subfield>
    <subfield code="p">Pokochaj Moje Marzenia - Zwariowany Czas - Nie Mozna Zyc Samotnie - Zyc Aby Zyc - Nie Przesadza Sie Starych Drzew</subfield>
    <subfield code="9">24531</subfield>
  </datafield>
  <datafield tag="700" ind1=" " ind2=" ">
    <subfield code="a">Krawczyk Krzysztof</subfield>
    <subfield code="g">Codice autore SPICS: 25171</subfield>
    <subfield code="e">Autore</subfield>
    <subfield code="p">Pokochaj Moje Marzenia - Zwariowany Czas - Nie Mozna Zyc Samotnie - Nie Przesadza Sie Starych Drzew</subfield>
    <subfield code="9">24532</subfield>
  </datafield>
  <datafield tag="700" ind1=" " ind2=" ">
    <subfield code="a">Tara A.</subfield>
    <subfield code="g">Codice autore testo/musica SPICS: 25201</subfield>
    <subfield code="e">Autore testo/musica</subfield>
    <subfield code="p">Pokochaj Moje Marzenia - Nie Przesadza Sie Starych Drzew</subfield>
    <subfield code="9">24533</subfield>
  </datafield>
  <datafield tag="700" ind1=" " ind2=" ">
    <subfield code="a">Jarek A.</subfield>
    <subfield code="g">Codice autore testo/musica SPICS: 25179</subfield>
    <subfield code="e">Autore testo/musica</subfield>
    <subfield code="p">Zwariowany Czas - Nie Mozna Zyc Samotnie - Zyc Aby Zyc - A Jednak Mi Ciebe Brakuje - Niepotrzebny Mi Zal</subfield>
    <subfield code="9">24534</subfield>
  </datafield>
  <datafield tag="700" ind1=" " ind2=" ">
    <subfield code="a">Piatkowski J.</subfield>
    <subfield code="g">Codice autore musica SPICS: 25128</subfield>
    <subfield code="e">Autore musica</subfield>
    <subfield code="p">A Jednak Mi Ciebe Brakuje</subfield>
    <subfield code="9">24535</subfield>
  </datafield>
  <datafield tag="700" ind1=" " ind2=" ">
    <subfield code="a">Trzcinski W.</subfield>
    <subfield code="g">Codice autore musica SPICS: 23061</subfield>
    <subfield code="e">Autore musica</subfield>
    <subfield code="p">Niepotrzebny Mi Zal - Niedziela W Miescie - Lot Nr 205</subfield>
    <subfield code="9">24536</subfield>
  </datafield>
  <datafield tag="700" ind1=" " ind2=" ">
    <subfield code="a">Kondratowicz J.</subfield>
    <subfield code="g">Codice autore testo/musica SPICS: 25196</subfield>
    <subfield code="e">Autore testo/musica</subfield>
    <subfield code="p">Niedziela W Miescie - Lot Nr 205</subfield>
    <subfield code="9">24537</subfield>
  </datafield>
  <datafield tag="700" ind1=" " ind2=" ">
    <subfield code="e">Autore musica</subfield>
    <subfield code="9">24538</subfield>
  </datafield>
  <datafield tag="700" ind1=" " ind2=" ">
    <subfield code="e">Autore musica</subfield>
    <subfield code="9">24539</subfield>
  </datafield>
  <datafield tag="942" ind1=" " ind2=" ">
    <subfield code="c">MD</subfield>
    <subfield code="2">ddc</subfield>
  </datafield>
  <datafield tag="952" ind1=" " ind2=" ">
    <subfield code="0">0</subfield>
    <subfield code="1">0</subfield>
    <subfield code="4">0</subfield>
    <subfield code="6">72481_000000000000000</subfield>
    <subfield code="7">1</subfield>
    <subfield code="a">SPICS</subfield>
    <subfield code="b">SPICS</subfield>
    <subfield code="d">2013-10-25</subfield>
    <subfield code="l">0</subfield>
    <subfield code="o">72481</subfield>
    <subfield code="r">2013-10-25 00:00:00</subfield>
    <subfield code="w">2013-10-25</subfield>
    <subfield code="y">MD</subfield>
    <subfield code="z">Progr. Ins.: 17362 / N.Vol.: 1 / Copie: 1 - Copia rara: n.d. / date import: 01.01.2014 - By Epidotti, Trombetti, Vaglietti</subfield>
  </datafield>
</record>
